Cerveteri
-д хадгалсан:
| Үндсэн зохиолч: | |
|---|---|
| Формат: | Ном |
| Хэл сонгох: | итали |
| Хэвлэсэн: |
Novara
Istituto Geografico de Agostini
1982
|
| Нөхцлүүд: | |
| Шошгууд: |
Шошго нэмэх
Шошго байхгүй, Энэхүү баримтыг шошголох эхний хүн болох!
|
MARC
| LEADER | 00000nam a2200000 a 4500 | ||
|---|---|---|---|
| 001 | UCZ3521 | ||
| 003 | CL-VaPUC | ||
| 008 | 951027e19820000IT |||||||||||||||||ita|d | ||
| 082 | 0 | 4 | |a 726.8 |b MOR |2 21 |
| 100 | |a Moretti, Mario |e autor |9 578490 | ||
| 245 | 1 | 0 | |a Cerveteri |
| 300 | |a 64 p | ||
| 942 | |c BK | ||
| 945 | |d 19951027 00:00:00 |a rbrito | ||
| 260 | |a Novara |b Istituto Geografico de Agostini |c 1982 | ||
| 650 | 7 | |a NECROPOLIS |2 CL-VaPUC |9 347312 | |
| 650 | 0 | |a Tumbas |9 314056 | |
| 650 | 0 | |a Cementerios |9 344520 | |
| 650 | 0 | |a Historia |9 255047 | |
| 651 | 0 | |a Italia |9 254949 | |
| 583 | |a last modification |c 19951027 00:00:00 |k Rodrigo Vera | ||
| 999 | |c 239992 |d 239990 | ||
| 952 | |0 0 |1 0 |4 0 |6 726_800000000000000_MOR_1982 |7 0 |8 P |9 251575 |a BIBARQ |b BIBARQ |d 2019-11-18 |i 3144011 |o 726.8 MOR 1982 |p 3144011 |r 2025-01-20 |w 2019-11-18 |y BK |k ARQ | ||